विजय अभियानः कारगिल / (Record no. 64840)

MARC details
000 -LEADER
fixed length control field 00789nam a22001817a 4500
005 - DATE AND TIME OF LATEST TRANSACTION
control field 20120411115618.0
020 ## - INTERNATIONAL STANDARD BOOK NUMBER
Terms of availability 100.00
International Standard Book Number
035 ## - SYSTEM CONTROL NUMBER
System control number B-25788
037 ## - SOURCE OF ACQUISITION
Source of stock number/acquisition
Stock number dpl
082 ## - DEWEY DECIMAL CLASSIFICATION NUMBER
Classification number 355.02
100 ## - MAIN ENTRY--PERSONAL NAME
Personal name त्यागी, अनुपम
245 1# - TITLE STATEMENT
Title विजय अभियानः कारगिल /
Statement of responsibility, etc अनुपम त्यागी
260 ## - PUBLICATION, DISTRIBUTION, ETC. (IMPRINT)
Place of publication, distribution, etc नई दिल्ली
Name of publisher, distributor, etc आकाशदीप पब्लिकेशंस
Date of publication, distribution, etc 1999
270 ## - ADDRESS
Address
City
Postal code
Telephone number
300 ## - PHYSICAL DESCRIPTION
Extent 120पृ.
Dimensions 22सेमी (सजिल्द)
942 ## - ADDED ENTRY ELEMENTS (KOHA)
Institution code [OBSOLETE] dpl
Item type Hindi Books
Call number prefix
Source of classification or shelving scheme Dewey Decimal Classification
Classification part 355.02
Call number suffix त्यागीअ
Holdings
Withdrawn status Lost status Not for loan Collection code Home library Current library Date acquired Cost, normal purchase price Full call number Barcode Cost, replacement price Koha item type Public note
      Non-fiction Sarojini Nagar Sarojini Nagar 11/04/2012 100.00 355.02 त्यागीअ B-25788 100.00 Hindi Books Withdrawn List Prepared List No.34/01

© Delhi Public Library
Hit Counter
free hit counter